01261cam a22003617a 4500003000500000005001700005008004100022010001000063011001000073020001500083035001000098040000900108082002200117100002400139245008200163250001000245260004200255300001900297590004100316590004100357590004100398590004200439650004700481650002400528700002700552700002600579901000700605905002600612942001000638949009200648999001700740952014200757CHAP20220817043826.0971013s1988 us a r 00010 eng d a85477 a86449 a0471308641 a96987 cCHAP04a636.085bC47 199500aChurch, D.C.92299110aBasic animal nutrition and feedingc/por W.G. Pond, D.C. Church and K.R. Pond a4 ed. aNew York :bJohn Wiley & Sons,c1995. a615 p.b: ilus aBATCH-UPDb10c20130110lUCH01h1548 aBATCH-UPDb10c20130410lUCH01h0946 aBATCH-UPDb10c20130914lUCH01h0930 aCONVERSIONb10c20130109lUCH01h134714aAlimentos y alimentacion del ganado.9432614aNutrición animal.0 aPond, Wilson G.9908311 aPond, Kevin R.990830 aBK aAlejandra Carrasco M. cLIBRO a636.085 C47 1995bBCcLIBROd33724000862074eLIBROh102283i96987kI.213406sit$561.00 c85477d85477 00102ddc4052708GRALaBCbBCcPP_GRALd2019-12-31fLIBROl0o636.085 C47 1995p33724000862074r2019-12-31 00:00:00w2019-12-31yLIBRO